Statistics for Regions of Central America on the Map

Click here to take the quiz!

General Stats

  • This quiz has been taken 407 times
  • The average score is 23 of 97

Answers on the Map

Answers color-coded by a green-red scale on the quiz's map according to % correct below.
Loading ...
 

Answer Stats

Regions% Correct
Panamá
87%
San José
84%
San Salvador
79%
Guatemala
79%
Managua
77%
Belize
69%
Colón
38%
Río San Juan
38%
Limón
32%
Petén
30%
León Department
29%
Darién
29%
Puntarenas
28%
La Paz
28%
Heredia
26%
Granada
26%
Cartago
25%
Guanacaste
24%
Gracias a Dios
24%
Baja Verapaz
23%
Alta Verapaz
23%
Santa Ana
23%
Santa Rosa
23%
San Miguel
23%
Cortés
23%
Huehuetenango
22%
San Marcos
22%
Copán
22%
Quetzaltenango
22%
Jalapa
22%
Masaya
21%
Jutiapa
21%
Izabal
21%
Suchitepéquez
21%
Alajuela
21%
Chiquimula
21%
Olancho
20%
Yoro
20%
Atlántida
20%
Francisco Morazán
20%
Chimaltenango
20%
Quiché
20%
La Unión
20%
Zacapa
19%
Comayagua
19%
Valle
19%
Corozal
19%
Orange Walk
19%
Cabañas
19%
Sololá
18%
Chiriquí
18%
Santa Bárbara
18%
Lempira
18%
Stann Creek
18%
El Paraíso
18%
Cayo
18%
Bocas del Toro
18%
Morazán
18%
El Progreso
18%
Sacatepéquez
18%
Escuintla
18%
South Caribbean Coast
17%
North Caribbean Coast
17%
Matagalpa
17%
Chinandega
17%
Totonicapán
17%
Boaco
17%
La Libertad
17%
Toledo
17%
Islas de la Bahía
17%
Guna Yala
16%
Emberá
16%
Ahuachapán
16%
Chalatenango
16%
Veraguas
16%
Choluteca
16%
Jinotega
16%
Ocotepeque
16%
Estelí
16%
Panamá Oeste
15%
Los Santos
15%
Hererra
15%
Chontales
15%
Rivas
15%
Intibucá
15%
Cuscatlán
15%
Madriz
15%
San Vicente
15%
Sonsonate
15%
Nueva Segovia
15%
Carazo
14%
Ngäbe-Buglé
14%
Coclé
14%
Usulután
13%
Retalhulue
6%

Score Distribution

Percentile by Number Answered

Percent of People with Each Score

Your Score History

You have not taken this quiz